• 首页
  • 本馆介绍
  • 公告通知
  • 最新文献
  • 馆藏检索
  • 电子资源
  • 读者导购
  • 参考咨询
  • 我的图书馆
  • 登录
  • 详细信息显示
  • 放入我的书架
  • 预约/预借图书
  • 作者相关作品
  • 分类相关作品
  • 丛书相关作品
  • 出版社相关作品

书目信息

  • 表格格式
  • 工作单格式
  • 卡片格式
题名:
油茶种质资源
    
 
作者: 余江帆 , 钟秋平 编著
分册:  
出版信息: 北京   中国林业出版社  2010.07
页数: 80页
开本: 21cm
丛书名: 油茶实用技术图解丛书
单 册:
中图分类: S794.404-64 , S794.4
科图分类:
主题词: 油茶--种质资源--图解 , 油茶 , 种质资源
电子资源:
ISBN: 978-7-5038-5868-0
000 00917nam0 22003011 450
001 004924425
005 20101109211945.0
010    @a978-7-5038-5868-0@dCNY18.00
100    @a20100921d2010 em y0chiy50 ea
101 0  @achi
102    @aCN@b110000
105    @aa z 000yy
200 1  @a油茶种质资源@9you cha zhong zhi zi yuan@f余江帆,钟秋平编著
210    @a北京@c中国林业出版社@d2010.07
215    @a80页@d21cm
225 1  @a油茶实用技术图解丛书
330    @a本书从江西优良品种(无性系)简介、外省优良品种简介等方面为你介绍油茶的种质资源。
461  0 @12001 @a油茶实用技术图解丛书
606 0  @a油茶@x种质资源@j图解
606 0  @a油茶
606 0  @a种质资源
690    @aS794.404-64@v5
690    @aS794.4@v5
701  0 @a余江帆@9yu jiang fan@c(女)@4编著
701  0 @a钟秋平@9zhong qiu ping@c(林业)@4编著
801  0 @aCN@b91MARC@c20101222
905    @aBZT@dS794.4@e2
906    @dCNY18.00@n0@r1
    
    油茶种质资源/余江帆,钟秋平编著.-北京:中国林业出版社,2010.07
    80页;21cm.-(油茶实用技术图解丛书)
    
    
    ISBN 978-7-5038-5868-0:CNY18.00
    本书从江西优良品种(无性系)简介、外省优良品种简介等方面为你介绍油茶的种质资源。
●
相关链接 在五车中查询图书 在当当中查询图书 在豆瓣中查询图书


正题名:油茶种质资源     索取号:S794.4/2         预约/预借

序号 登录号 条形码 馆藏地/架位号 状态 备注
1 752945   2000752945   样本书库/样003架A面2层2列/ [索取号:S794.4/2] 在馆    
2 752946   2000752946   中心书库中库/ 中库031架B面2列3层41/ [索取号:S794.4/2] 在馆    
3 752947   2000752947   中心书库中库/ 中库031架B面2列3层40/ [索取号:S794.4/2] 在馆    
4 752948   2000752948   中心书库中库/ 中库031架B面2列3层39/ [索取号:S794.4/2] 在馆    
5 752949   2000752949   中心书库中库/ 中库031架B面2列3层38/ [索取号:S794.4/2] 在馆    
6 752950   2000752950   中心书库中库/ 中库031架B面2列3层47/ [索取号:S794.4/2] 在馆    
山东省滨州职业学院图书馆 欢迎您!
大连网信软件有限公司© 版权所有